000 00266nam a2200097Ia 4500
005 20251222114342.0
008 251222s1900||||xx |||||||||||||| ||spa||
082 _aDVD0193/U61/2004
245 0 _aCharla: algunos desafíos bioéticos de la medicina del futuro:
942 _cDVD
999 _c911
_d911